000 00677cam a22002413a 4500
001 20259
003 PGUSA
005 20140828083429.0
008 070103s2007||||xxu|||||s|||||000 1 eng d
040 _aPGUSA
_beng
042 _adc
050 4 _aPZ
100 1 _aRoosevelt, Wyn,
_d1870-
245 1 0 _aFrontier Boys in Frisco
_h[electronic resource] /
_cWyn Roosevelt
260 _bProject Gutenberg,
_c2007
506 _aPublic domain in the USA.
516 _aElectronic text
653 _aSan Francisco (Calif.) -- Juvenile fiction
700 1 _aMencl, Rudolf
830 0 _aProject Gutenberg
_v20259
856 4 0 _uhttp://www.gutenberg.org/ebooks/20259
942 _cEB
999 _c249514
_d249514